| 000 | 01390cam a2200313 4500 | ||
|---|---|---|---|
| 001 | ABS68061 | ||
| 008 | 040722n2004 000 0 eng u | ||
| 035 | _a(Sirsi) u126905 | ||
| 100 | _aFearn, H. | ||
| 245 | _aOn the waterfront | ||
| 260 | _c2004 | ||
| 490 |
_aInside Housing _v(21(28) 16 July 2004, 38-40(3) |
||
| 520 | _aExamines how the canalside is becoming an epicentre of urban regeneration both in the provision of new affordable homes with social landlords playing a key role and also mixed-use developments. British Waterways has set up a national regeneration agency, Isis, to promote best practice in waterside regeneration and has established a London-based collaboration with developer Bloc, H2O Urban, which is pinpointing development sites in Berkshire, London and Hertfordshire. Looks at projects in London and southeast England including the Cotall Street mixed-tenure scheme in East London, the Gravesend canal basin development and the Monteith Estate in Bow. | ||
| 590 | _aABS | ||
| 590 | _aABS | ||
| 650 | _aWATERSIDE DEVELOPMENTS | ||
| 650 | _aHERTFORDSHIRE | ||
| 650 | _aBERKSHIRE | ||
| 650 | _aLONDON | ||
| 650 | _aSOUTHEAST ENGLAND | ||
| 650 | _aEAST LONDON | ||
| 650 | _aSOCIAL LANDLORDS | ||
| 650 | _aBIRMINGHAM | ||
| 650 | _aGRAVESEND | ||
| 650 | _aURBAN REGENERATION | ||
| 650 | _aCANALS | ||
| 690 | _aREGENERATION | ||
| 942 | _n0 | ||
| 999 |
_c117757 _d117757 |
||